000 00323 a2200157 4500
001 194947
020 _a115 08 021148 1
040 _cMagnum
100 _aPuntel, Luiz
240 1 0 _aAçúcar amargo
_lpor
245 1 0 _aAçúcar amargo
300 _a98
362 0 _a1989
697 _aLITERATURA JUVENIL
942 _cBK
999 _c194947
_d194947